Automated manufacturing : (Record no. 12472)

000 -LEADER
fixed length control field 00671pam a2200181 a 4500
020 ## - INTERNATIONAL STANDARD BOOK NUMBER
ISBN 0803104227
040 ## - CATALOGING SOURCE
Transcribing agency DLC
082 00 - DEWEY DECIMAL CLASSIFICATION NUMBER
Classification number 670 AST 1985 A041 Or.
245 00 - TITLE STATEMENT
Title Automated manufacturing :
Remainder of title a symposium /
260 ## - PUBLICATION, DISTRIBUTION, ETC. (IMPRINT)
Place of publication Philadelphia, Pa. :
Name of publisher ASTM,
Year of publication c1985.
300 ## - PHYSICAL DESCRIPTION
Number of Pages 251 p. :
Other physical details ill. ;
Dimensions 24 cm.
500 ## - GENERAL NOTE
General note "Papers ... presented at the First International Symposium on Automated Integrated Manufacturing held in San Diego, California, on 5-6 April 1983"--Introd.
500 ## - GENERAL NOTE
General note "ASTM publication code number (PCN) 04-862000-32."
650 #0 - SUBJECT ADDED ENTRY--TOPICAL TERM
Topical Term Automation
700 1# - ADDED ENTRY--PERSONAL NAME
Personal name Gardner, Leonard B.
710 2# - ADDED ENTRY--CORPORATE NAME
Corporate name or jurisdiction name as entry element ASTM Committee E-31 on Computerized Systems.
942 ## - ADDED ENTRY ELEMENTS (KOHA)
Koha item type សៀវភៅភាសាអង់គ្លេស
952 ## - LOCATION AND ITEM INFORMATION (KOHA)
Withdrawn status [LOCAL, KOHA] 0
Holdings
Permanent Location Date acquired Koha item type Lost status Shelving location Barcode Current Location Full call number
Library Block A2017-08-14សៀវភៅភាសាអង់គ្លេស A041A16208Library Block A670 AST 1985 A041 Or.
មជ្ឈមណ្ឌលឯការនៃសាកលវិទ្យាល័យភូមិន្ទកសិកម្មចំការដូង

Powered by Koha